Student atlas of the world : fully revised & updated

Bibliographic Details
Format: Book
Published: Boston : Charles E. Tuttle Company, Inc , 1993
Subjects:

MARC

LEADER 00000cam a2200000 7i4500
001 0000087018
005 20211109.0
008 211109
020 |a 0804819807 
020 |a 9780804819800 
090 0 0 |a 912   |b STU 
245 0 0 |a Student atlas of the world :   |b fully revised & updated   |c [s.n] 
260 |a Boston :   |b Charles E. Tuttle Company, Inc ,   |c 1993 
300 |a (v-xl),(1-224)pgs. :   |b col. ill. 
500 |a Includes index (139-224pgs) 
650 0 |a Geography 
999 |a 0000819280   |b Book   |c REFERENCE   |e Cawangan Segamat 
999 |a 0000819281   |b Book   |c REFERENCE   |e Cawangan Segamat 
999 |a 0000820408   |b Book   |c REFERENCE   |e Cawangan Segamat